Genéza predikcie rizika zlyhania podnikateľských subjektov
Metódy, ktoré sú využívné, na to, aby sme v predstihu zistili možné blížiace sa problémy v podniku, sú predikčné modely, tzn. dokážu ohodnotiť finančné zdravie podniku a s predstihom varovať pred hrozbou bankrotu vlastníkov i obchodných partnerov týchto podnikov. Finančná analýza je vnímaná z dvoch...
Salvato in:
| Autore principale: | |
|---|---|
| Natura: | Capitolo di libro |
| Lingua: | slovacco |
| Soggetti: | |
| Tags: |
Nessun Tag, puoi essere il primo ad aggiungerne!!
|
MARC
| LEADER | 00000nla a2200000 4500 | ||
|---|---|---|---|
| 001 | 0182215 | ||
| 005 | 20220722095603.8 | ||
| 041 | 0 | |a slo | |
| 044 | |a SK | ||
| 245 | 1 | 0 | |a Genéza predikcie rizika zlyhania podnikateľských subjektov |c Katarína Kočišová |
| 520 | |a Metódy, ktoré sú využívné, na to, aby sme v predstihu zistili možné blížiace sa problémy v podniku, sú predikčné modely, tzn. dokážu ohodnotiť finančné zdravie podniku a s predstihom varovať pred hrozbou bankrotu vlastníkov i obchodných partnerov týchto podnikov. Finančná analýza je vnímaná z dvoch uhlov pohľadu, a to ex-post a ex-ante. | ||
| 610 | 2 | 0 | |a riziko podnikateľské |
| 610 | 2 | 0 | |a analýza finančná |
| 610 | 2 | 0 | |a diagnostika podniková |
| 100 | 1 | |a Kočišová, Katarína | |